000 00792nam a2200265 i 4500
001 bg
100 1 _aBattistini, Matilde.
245 0 _aPicasso /
_c[tekst Paola Rapelli ; tł. Dorota Łąkowska].
260 _aWarszawa :
_bRzeczpospolita ;
_bHPS,
_c2006.
300 _a143 s. :
_bil. ;
_c26 cm.
490 1 _aKlasycy Sztuki ;
_v40
600 0 _aPicasso, Pablo
_d(1881-1973)
_xtwórczość
650 0 _aMalarstwo hiszpańskie
_xhistoria
_y19-20 w.
700 0 1 _aŁąkowska, Dorota
_eTł.
830 _aKlasycy Sztuki ;
020 _a9788360688144
020 _a8360688141
040 _cBPK
041 1 _apol
_hita
080 _a75.071(460)"18/19"(084.11)A/Z
920 _a978-83-60688-14-4
920 _a83-60688-14-1
942 _cKS
008 s pl f |000 0 pol
999 _c53757
_d53757
856 _uhttp://koha.tu.koszalin.pl/cgi-bin/koha/opac-detail.pl?biblionumber=53757
_yKatalog online BPK